| 000 | 01591nam a2200361 c 4500 | ||
|---|---|---|---|
| 003 | BLK | ||
| 005 | 20180422105628.0 | ||
| 008 | 180409b bul|||||r ||||||| ||bul|| | ||
| 010 | _aKNG00110050000 | ||
| 040 | _aBLK | ||
| 041 |
_aBUL _cBUL |
||
| 080 |
_aНарушаване (разрушаване) на околната среда _b504.056 _x:665.6/.7(075.8) _z504.056:665.6/.7(075.8) |
||
| 100 | 1 |
_aМинков, Димитър Минков _eпърви автор _9366868 |
|
| 700 | 1 |
_aПетков, Петко Стоянов _eсъавт. _9366869 |
|
| 139 |
_aМинков, Димитър Минков и др. _bМ 66 |
||
| 245 | 1 | 0 |
_aЕкологични аспекти на нефтопреработването и потребление на нефтопродукти _cДимитър Минков Минков; съавт. Петко Стоянов Петков. |
| 257 | _aBGR | ||
| 260 |
_аБургас _bУнив. Проф. д-р Асен Златаров _c2002 |
||
| 300 |
_a112 с. _bс табл. _c22 см |
||
| 380 | _a5 | ||
| 500 | _aУч. пособие за студенти | ||
| 650 | 4 |
_aНефтохимическа промишленост _9290943 |
|
| 650 | 4 |
_aОколна среда - замърсяване _9260338 |
|
| 653 | _aнефтопреработване | ||
| 653 | _aоколна среда | ||
| 653 | _aзамърсяване на околната среда | ||
| 653 | _aнефтопродукти | ||
| 852 | _aЦб 217405 | ||
| 856 | 4 |
_qpdf _u |
|
| 856 | 4 |
_qpdf _u |
|
| 942 |
_cKNG _n0 |
||
| 944 |
_aCR _c09.01.2004 _kГеновева_Генчева |
||
| 944 |
_aED _c12.02.2004 _k |
||
| 999 |
_c104935 _d104935 |
||